| 000 | 00718nam a22002177a 4500 | ||
|---|---|---|---|
| 005 | 20140401095917.0 | ||
| 008 | 031117s2004 ja ab b 001 0 eng | ||
| 020 | _a9280810936 | ||
| 080 | _a95 | ||
| 245 | 0 | 0 |
_aSouth Asia in the world : _cedited by Ramesh thakur and Oddny Wiggen. |
| 260 |
_aTokyo ; _aNew York : _bUnited Nations University Press, _c2004. |
||
| 300 |
_a451 f. : _bme il.; _c24 cm. |
||
| 504 | _aPƫrfshin bibliografin f. 441-451 | ||
| 650 | 0 | _aHistoria | |
| 650 | 0 | _aAzia | |
| 651 | 0 | _aSouth Asia | |
| 651 | 0 | _aSouth Asia | |
| 700 | 1 | _aThakur, Ramesh Chandra, | |
| 700 | 1 | _aWiggen, Oddny. | |
| 942 |
_2udc _cBK |
||
| 999 |
_c434 _d434 |
||